000 02608nam0a2200397 4500
001 RU\NLR\BIBL_A\016237377
005 20230206151921.0
010 _a978-5-04-173596-8
_92000
021 _aRU
_bКН-П-22-081124
_9КН-П-22-7119
035 _a(NLR Aleph) 016237377
035 _a(RuMoRGB)011379884
090 _a12786620
_c12786620
100 _a20221214d2023 u y0rusy50 ca
101 0 _arus
102 _aRU
105 _aa|||z||||||z|
181 1 _ai3
_baxxe
182 1 _an
200 1 _aЭффективный менеджер и руководитель: 8 типов инструментов и 5 привычек
_eсамоучитель для менеджеров и руководителей любых рангов
_eдевиз: Занимайся главным!
_fКСК Групп аудит и консалтинг
203 _aТекст
_bвизуальный
_cнепосредственный
210 _aМосква
_cЭксмо
_d2023 [т.е. 2022]
215 _a207 с.
_cил.
_d21
300 _aЗагл. обл. и корешка: Эффективный менеджер и руководитель
300 _aКн. фактически изд. в 2022 г.
320 _aБиблиогр.: с. 202 (15 назв.)
330 _aКнига адресована как менеджерам, не имеющим подчиненных, так и руководителям любых рангов с любым количеством подчиненных. Самоучитель укажет системы, создающие основы для эффективности любой команды, подразделения или предприятия, значительно укрепить личную эффективность в бизнесе и жизни, а также эмоциональный драйв! То есть вы научитесь справляться с большим объемом сложных и важных задач легче и быстрее, чем прежде, меньше уставать и чувствовать себя счастливее
333 _a12+
512 1 _aЭффективный менеджер и руководитель
606 1 _aМенеджмент
_91566100
_3RU\NLR\AUTH\66685658
686 1 _aУ21(0)
712 0 2 _4570
_a"КСК Групп", компания
_cМосква
_9826446
_3RU\NLR\AUTH\880580397
942 _cBOOK
980 _aNB